LEADER 01067nam a2200265 i 4500 001 991000187949707536 008 031217s it 000 0 ita d 020 $a8837108095 035 $ab12582074-39ule_inst 040 $aDip.to Fisica$beng 082 0 $a551.3 084 $a52.9.3 100 1 $aDramis, Francesco$09701 245 10$aCartografia geomorfologica :$bmanuale di introduzione al rilevamento ed alla rappresentazione degli aspetti fisici del territorio /$cFrancesco Dramis, Carlo Bisci 260 $aBologna :$bPitagora Editrice,$c1998 300 $aix, 215 p. :$bill. ;$c26 cm 440 3$aIl sistema terra 650 4$aGeomorphological mapping 700 1 $aBisci, Carlo$eauthor$4http://id.loc.gov/vocabulary/relators/aut$0334024 907 $a.b12582074$b21-09-06$c17-12-03 912 $a991000187949707536 945 $aLE006 52.9.3 DRA$g1$i2006000092005$lle006$o-$pE20.00$q-$rl$s- $t0$u1$v0$w1$x0$y.i13045684$z17-12-03 996 $aCartografia geomorfologica$9103482 997 $aUNISALENTO 998 $ale006$b17-12-03$cm$da $e-$fita$git $h0$i0 LEADER 01893nam0 22003011i 450 001 UON00396849 005 20231205104638.948 100 $a20110902d1783 |0itac50 ba 101 $amul 102 $aFR 140 $a||||||||| ||||||||| 200 1 $aLysiae : Opera omnia Graece et Latine, cum versione nova, triplici indice, variantibus lectionibus, et notis, edidit Athanasius Auger 210 $aParisiis$cSumptibus editoris, excudebat Parisiis Franc. Ambr. Didot l'Aine$d1783 215 $a2 v.$d8° 620 $aFR$dParis$3UONL002984 700 0$aLYSIAS$3UONV057429$0186235 702 1$aAuger$bAthanase$3UONV203917 712 $aFranc. Ambr. Didot L'Aine$3UONV280087$4650 801 $aIT$bSOL$c20241213$gRICA 856 4 $uhttp://next.unior.it/sebina/repository/catalogazione/documenti/Lisia Opera Omnia vol. II.pdf$zLisia Opera Omnia vol. II_SiBA_Dig.Unior 856 4 $uhttp://next.unior.it/sebina/repository/catalogazione/documenti/Lisia Opera Omnia vol. I.pdf$zLisia Opera Omnia vol. I_SiBA_Dig.Unior 899 $aSIBA - SISTEMA BIBLIOTECARIO DI ATENEO$2UONSI$uhttp://next.unior.it/sebina/repository/catalogazione/documenti/Lisia Opera Omnia vol. II.pdf 899 $aSIBA - SISTEMA BIBLIOTECARIO DI ATENEO$2UONSI$uhttp://next.unior.it/sebina/repository/catalogazione/documenti/Lisia Opera Omnia vol. I.pdf 912 $aUON00396849 950 $aSIBA - SISTEMA BIBLIOTECARIO DI ATENEO$dSI ANT A XVIII 0023 (2) $eSI 4084 7 0023 (2) $sBuono 950 $aSIBA - SISTEMA BIBLIOTECARIO DI ATENEO$dSI ANT A XVIII 0023/ Tomo 1 $eSI MR 5709 7 0023/ Tomo 1 $sBuono 996 $aLysiae : Opera omnia Graece et Latine, cum versione nova, triplici indice, variantibus lectionibus, et notis, edidit Athanasius Auger$91347472 997 $aUNIOR